Private lives and public affairs : the causes clbres of prerevolutionary France

Αποθηκεύτηκε σε:
Λεπτομέρειες βιβλιογραφικής εγγραφής
Κύριος συγγραφέας: Maza, Sarah C. 1953-
Μορφή: Βιβλίο
Γλώσσα:English
Δημοσίευση: Berkeley : University of California Press, 1993
Σειρά:Studies on the history of society and culture ; ; 18
Θέματα:
Ετικέτες: Προσθήκη ετικέτας
Δεν υπάρχουν, Καταχωρήστε ετικέτα πρώτοι!

MARC

LEADER 00000nam a2200000 i 4500
001 1/78307
008 080321s1993 eng d
020 |a 0-520-20163-9 
035 |l 10095698 
040 |a GR-MY-UA  |b gre  |e aacr 
041 0 |a eng 
082 0 |a 944.034  |2 (22) 
100 1 |a Maza, Sarah C.  |d 1953- 
245 1 0 |a Private lives and public affairs :  |b the causes clbres of prerevolutionary France /  |c Sarah Maza 
260 |a Berkeley :   |b University of California Press,   |c 1993 
300 |a xii, 354 σ.;  |b εικ.;  |c 23 εκ. 
490 1 |a Studies on the history of society and culture  |v ; 18 
504 |a Βιβλιογραφία: σ. 325-337 
504 |a Ευρετήριο: σ. 339-354 
650 0 0 |a Political corruption  |z France  |x History  |y 18th century. 
650 0 0 |a Trials  |z France  |x History  |y 18th century. 
651 0 |a France  |x History  |y Louis XVI, 1774-1793. 
651 0 |a France  |x History  |y Louis XV, 1715-1774. 
830 0 |a Studies on the history of society and culture ;  |v ; 18 
852 |a INST  |b LESVOS  |e 20080321  |h 944.034 MAZ  |p 005100039416  |q 005100039416  |t BK  |y 0 
901 |a BIBL1-2008-1 
909 |a Λ  |b 143070 
922 |a 1ΕΛΗ  |b 200712  |c ΕΠΕΑΕΚ2/ΤΚΑ  |d ΠΑΠΑΣΩΤΗΡΙΟΥ 
970 |a ΚΑΡΑ  |b ΓΙΑΣΕΜΗ  |z 2008/03/21